000 00632nam a2200205 u 4500
005 20210223131223.0
008 100216s2005 r 000 0 eng d
020 _a8480637323
035 _aUPN01000174749
049 _aCG
050 4 _aHV5137
_bG6.2
100 1 _aGómez Moya, Josefa
_936413
245 1 3 _aEl alcoholismo femenino :
_buna perspectiva sociológica /
_cJosefa Gómez Moya.
260 _aBarcelona, Esp. :
_bOctaedro,
_c2005.
300 _a142 p. :
_btablas
440 0 _aHorizontes
650 4 _aMUJERES ALCOHOLICAS -
_zESPAÑA
_915168
650 4 _aMUJERES ALCOHOLICAS -
_xREHABILITACION
_915167
905 _aLibro
999 _c146853
_d146853